[Event "Arab-ch (Women)"]
[Site "Khartoum"]
[Date "2023.02.27"]
[Round "2"]
[White "Rawan, Eyhab"]
[Black "Anood, Ahmad"]
[Result "0-1"]
[WhiteElo "1546"]
[BlackElo "1426"]
[PlyCount "64"]
[EventDate "2023.02.26"]
[EventType "swiss"]
[EventRounds "9"]
[EventCountry "SUD"]
[SourceTitle "CBM 213 Extra"]
[Source "ChessBase"]
[SourceDate "2023.05.31"]
[SourceVersion "1"]
[SourceVersionDate "2023.05.31"]
[SourceQuality "1"]

1. d4 Nf6 2. Bf4 e6 3. e3 b6 4. Nf3 Bb7 5. Nbd2 Be7 6. Bd3 0-0 7. 0-0 Nh5 8. Bg3 Nxg3 9. hxg3 c5 10. c3 cxd4 11. exd4 d6 12. Qe2 Nd7 13. Rfe1 Re8 14. Ba6 Bxa6 15. Qxa6 Nf6 16. Rad1 Qc7 17. Nc4 Rec8 18. Ne3 Rab8 19. a4 h6 20. Qd3 Rb7 21. d5 e5 22. Nxe5 dxe5 23. d6 Bxd6 24. Qxd6 Qxd6 25. Rxd6 Rd7 26. Nf5 Rxd6 27. Ne7+ Kf8 28. Nxc8 Rd7 29. Rxe5 Rd1+ 30. Kh2 Ng4+ 31. Kh3 Nxe5 32. Nxa7 h5 0-1

[Event "Dubai op 22nd"]
[Site "Dubai"]
[Date "2022.08.28"]
[Round "2"]
[White "Anood, Ahmad"]
[Black "Kushagra, Mohan"]
[Result "0-1"]
[WhiteElo "1246"]
[BlackElo "2426"]
[PlyCount "74"]
[EventDate "2022.08.27"]
[EventType "swiss"]
[EventRounds "9"]
[EventCountry "UAE"]
[SourceTitle "CBM 210 Extra"]
[Source "ChessBase"]
[SourceDate "2022.11.30"]
[SourceVersion "1"]
[SourceVersionDate "2022.11.30"]
[SourceQuality "1"]

1. c4 e5 2. Nc3 Bb4 3. g3 Bxc3 4. bxc3 d6 5. Bg2 Ne7 6. d4 Nbc6 7. d5 Nb8 8. e4 0-0 9. Nf3 f5 10. Nd2 Nd7 11. exf5 Nxf5 12. Ne4 h6 13. 0-0 Nf6 14. Rb1 b6 15. f4 Nxe4 16. Bxe4 Qe7 17. Qc2 Bd7 18. Bd2 exf4 19. Rxf4 g6 20. Re1 Qg7 21. Ref1 Rae8 22. Bd3 h5 23. Qc1 Re5 24. g4 hxg4 25. Rxg4 Qh7 26. Bf4 Re7 27. Bg5 Ref7 28. Rff4 Qg7 29. Bxf5 Rxf5 30. Rxf5 Rxf5 31. Re4 Qh8 32. Re7 Qh5 33. Bf4 Qh4 34. Rxd7 Rxf4 35. Qe3 Qg4+ 36. Qg3 Qd1+ 37. Kg2 Qf1# 0-1